MARC details
| 000 -LEADER |
| campo de control de longitud fija |
03915cam a2200637 c 4500 |
| 001 - NÚMERO DE CONTROL |
| campo de control |
24030279 |
| 003 - IDENTIFICADOR DE NÚMERO DE CONTROL |
| campo de control |
BJBSDDR |
| 005 - FECHA Y HORA DE LA ÚLTIMA TRANSACCIÓN |
| campo de control |
20260424110730.0 |
| 007 - CAMPO FIJO DE DESCRIPCIÓN FÍSICA--INFORMACIÓN GENERAL |
| campo de control de longitud fija |
t| |
| 008 - DATOS DE LONGITUD FIJA--INFORMACIÓN GENERAL |
| campo de control de longitud fija |
250213s2025 nyua b 001 0 eng |
| 010 ## - NÚMERO DE CONTROL DE LA BIBLIOTECA DEL CONGRESO |
| Número de control de LC |
2024060138 |
| 020 ## - NÚMERO INTERNACIONAL ESTÁNDAR DEL LIBRO |
| Número Internacional Estándar del Libro |
9781982141806 (hardcover) |
| 020 ## - NÚMERO INTERNACIONAL ESTÁNDAR DEL LIBRO |
| Número Internacional Estándar del Libro |
1982141808 (hardcover) |
| 020 ## - NÚMERO INTERNACIONAL ESTÁNDAR DEL LIBRO |
| ISBN cancelado o inválido |
9781982141820 |
| Información calificativa |
ebook |
| 035 ## - NÚMERO DE CONTROL DEL SISTEMA |
| Número de control de sistema |
24030279 |
| 035 ## - NÚMERO DE CONTROL DEL SISTEMA |
| Número de control de sistema |
(DLC)24030279 |
| 040 ## - FUENTE DE CATALOGACIÓN |
| Centro catalogador/agencia de origen |
DLC |
| Lengua de catalogación |
eng |
| Normas de descripción |
rda |
| Centro/agencia transcriptor |
DLC |
| Centro/agencia modificador |
DLC |
| -- |
DLC-MRC |
| -- |
DLC |
| -- |
DLC-MRC |
| 041 ## - CÓDIGO DE IDIOMA |
| Código de lengua del texto/banda sonora o título independiente |
eng |
| 042 ## - CÓDIGO DE AUTENTICACIÓN |
| Código de autenticación |
pcc |
| 050 14 - SIGNATURA TOPOGRÁFICA DE LA BIBLIOTECA DEL CONGRESO |
| Número de clasificación |
002 E 743.5 |
| Número de ítem |
R595r 2025 |
| 082 00 - NÚMERO DE LA CLASIFICACIÓN DECIMAL DEWEY |
| Número de clasificación |
973.918 |
| 100 1# - ENTRADA PRINCIPAL--NOMBRE DE PERSONA |
| Nombre de persona |
Risen, Clay |
| 9 (RLIN) |
43262 |
| 245 10 - MENCIÓN DEL TÍTULO |
| Título |
Red Scare : |
| Resto del título |
blacklists, McCarthyism, and the making of modern America / |
| Mención de responsabilidad, etc. |
Clay Risen. |
| 246 30 - FORMA VARIANTE DEL TITULO |
| Título propio/Titulo breve |
Blacklists, McCarthyism, and the making of modern America |
| 250 ## - MENCION DE EDICION |
| Mención de edición |
First Scribner hardcover edition. |
| 264 #1 - PRODUCCIÓN, PUBLICACIÓN, DISTRIBUCIÓN, FABRICACIÓN Y COPYRIGHT |
| Producción, publicación, distribución, fabricación y copyright |
New York : |
| Nombre del de productor, editor, distribuidor, fabricante |
Scribner, |
| Fecha de producción, publicación, distribución, fabricación o copyright |
2025. |
| 300 ## - DESCRIPCIÓN FÍSICA |
| Extensión |
xiv, 460 pages : |
| Otras características físicas |
illustrations ; |
| Dimensiones |
24 cm |
| 336 ## - TIPO DE CONTENIDO |
| Término de tipo de contenido |
text |
| Código de tipo de contenido |
txt |
| Fuente |
rdacontent |
| Número de control del registro de autoridad o número normalizado |
http://id.loc.gov/vocabulary/contentTypes/txt |
| 337 ## - TIPO DE MEDIO |
| Nombre/término del tipo de medio |
unmediated |
| Código del tipo de medio |
n |
| Fuente |
rdamedia |
| Número de control del registro de autoridad o número normalizado |
http://id.loc.gov/vocabulary/mediaTypes/n |
| 338 ## - TIPO DE SOPORTE |
| Nombre/término del tipo de soporte |
volume |
| Código del tipo de soporte |
nc |
| Fuente |
rdacarrier |
| Número de control del registro de autoridad o número normalizado |
http://id.loc.gov/vocabulary/carriers/nc |
| 340 ## - MEDIO FÍSICO |
| Número de control del registro de autoridad o número normalizado |
http://id.loc.gov/vocabulary/millus/ill |
| 340 ## - MEDIO FÍSICO |
| Número de control del registro de autoridad o número normalizado |
http://id.loc.gov/vocabulary/millus/ill |
| 504 ## - NOTA DE BIBLIOGRAFÍA, ETC. |
| Nota de bibliografía, etc. |
Includes bibliographical references (pages 427-440) and index |
| 505 0# - NOTA DE CONTENIDO CON FORMATO |
| Nota de contenido con formato |
A Blue Envelope -- Swimming-Pool Communists -- We'll All Go to Jail -- A Civil War on the Left -- Un-American Activities -- One of You Is Lying -- Foley Square -- Peekskill USA -- A Clear and Present Danger -- The Ballad of Harry Bridges -- I Have in My Hand a List -- A Government Within the Government -- The China Lobby -- The Russians Are Coming! -- The Pink Lady -- Running with the Hounds -- Naming Names -- The China Hands -- Terror by Index Cards -- Positive Loyalty -- How Red Are the Schools? -- A Race for Death -- A Dry Crucifixion -- The Tonangeber -- Who Promoted Peress? -- McCarthywasm -- Red Monday -- The Coal-Seam Fire. |
| 520 ## - RESUMEN, ETC. |
| Sumario, etc. |
"Red Scare tells the story of McCarthyism and the Red Scare--based in part on newly declassified sources--by an award-winning writer of history and New York Times reporter"-- Provided by publisher. |
| 600 14 - PUNTO DE ACCESO ADICIONAL DE MATERIA--NOMBRE DE PERSONA |
| Nombre de persona |
McCarthy, Joseph, |
| Fechas asociadas al nombre |
1908-1957 |
| 9 (RLIN) |
7623 |
| 610 10 - PUNTO DE ACCESO ADICIONAL DE MATERIA--NOMBRE DE ENTIDAD CORPORATIVA |
| Nombre de entidad corporativa o nombre de jurisdicción como elemento de entrada |
United States. |
| Unidad subordinada |
Congress. |
| -- |
House. |
| -- |
Committee on Un-American Activities |
| 610 14 - PUNTO DE ACCESO ADICIONAL DE MATERIA--NOMBRE DE ENTIDAD CORPORATIVA |
| Nombre de entidad corporativa o nombre de jurisdicción como elemento de entrada |
Estados Unidos. |
| Unidad subordinada |
Congreso. |
| -- |
Cámara de Representantes. |
| -- |
Comité de Actividades Antiestadounidenses |
| 9 (RLIN) |
48114 |
| 650 #0 - PUNTO DE ACCESO ADICIONAL DE MATERIA--TÉRMINO DE MATERIA |
| Término de materia o nombre geográfico como elemento de entrada |
Anti-communist movements |
| Subdivisión geográfica |
United States |
| Subdivisión general |
History |
| Subdivisión cronológica |
20th century |
| 650 #4 - PUNTO DE ACCESO ADICIONAL DE MATERIA--TÉRMINO DE MATERIA |
| Término de materia o nombre geográfico como elemento de entrada |
Movimientos anticomunistas |
| Subdivisión geográfica |
Estados Unidos |
| 9 (RLIN) |
6805 |
| 650 #0 - PUNTO DE ACCESO ADICIONAL DE MATERIA--TÉRMINO DE MATERIA |
| Término de materia o nombre geográfico como elemento de entrada |
Subversive activities |
| Subdivisión geográfica |
United States |
| Subdivisión general |
History |
| Subdivisión cronológica |
20th century |
| 650 #4 - PUNTO DE ACCESO ADICIONAL DE MATERIA--TÉRMINO DE MATERIA |
| Término de materia o nombre geográfico como elemento de entrada |
Actividades subversivas |
| Subdivisión geográfica |
Estados Unidos |
| 9 (RLIN) |
12799 |
| 650 #0 - PUNTO DE ACCESO ADICIONAL DE MATERIA--TÉRMINO DE MATERIA |
| Término de materia o nombre geográfico como elemento de entrada |
Communism |
| Subdivisión geográfica |
United States |
| Subdivisión general |
History |
| Subdivisión cronológica |
20th century |
| 650 #4 - PUNTO DE ACCESO ADICIONAL DE MATERIA--TÉRMINO DE MATERIA |
| Término de materia o nombre geográfico como elemento de entrada |
Comunismo |
| Subdivisión general |
Historia |
| Subdivisión geográfica |
Estados Unidos |
| 9 (RLIN) |
3572 |
| 650 #0 - PUNTO DE ACCESO ADICIONAL DE MATERIA--TÉRMINO DE MATERIA |
| Término de materia o nombre geográfico como elemento de entrada |
Blacklisting of entertainers |
| Subdivisión geográfica |
United States |
| Subdivisión general |
History |
| Subdivisión cronológica |
20th century |
| 650 #4 - PUNTO DE ACCESO ADICIONAL DE MATERIA--TÉRMINO DE MATERIA |
| Término de materia o nombre geográfico como elemento de entrada |
Lista negra de artistas |
| Subdivisión geográfica |
Estados Unidos |
| Subdivisión general |
Historia |
| 9 (RLIN) |
42148 |
| 650 #0 - PUNTO DE ACCESO ADICIONAL DE MATERIA--TÉRMINO DE MATERIA |
| Término de materia o nombre geográfico como elemento de entrada |
Internal security |
| Subdivisión geográfica |
United States |
| Subdivisión general |
History |
| Subdivisión cronológica |
20th century |
| 650 #4 - PUNTO DE ACCESO ADICIONAL DE MATERIA--TÉRMINO DE MATERIA |
| Término de materia o nombre geográfico como elemento de entrada |
Seguridad interna |
| Subdivisión geográfica |
Estados Unidos |
| 9 (RLIN) |
2979 |
| 651 #0 - PUNTO DE ACCESO ADICIONAL DE MATERIA--NOMBRE GEOGRÁFICO |
| Nombre geográfico |
United States |
| Subdivisión general |
Politics and government |
| Subdivisión cronológica |
20th century |
| 651 #4 - PUNTO DE ACCESO ADICIONAL DE MATERIA--NOMBRE GEOGRÁFICO |
| Nombre geográfico |
Estados Unidos |
| Subdivisión general |
Política y gobierno |
| Subdivisión cronológica |
Siglo XX |
| 9 (RLIN) |
2191 |
| 776 1# - ENTRADA DE FORMULARIO FÍSICO ADICIONAL |
| Información de relación |
Online version |
| Relación |
http://id.loc.gov/entities/relationships/onlineversion |
| Encabezamiento principal |
Risen, Clay |
| Título |
Red Scare |
| Edición |
First Scribner hardcover edition. |
| Lugar, editor y fecha de publicación |
New York: Scribner, [2025] |
| Descripción física |
1 online resource |
| Número de control del registro |
(DLC) 2024060139 |
| Número Internacional Estándar del Libro |
9781982141820 |
| -- |
9781982141806 |
| -- |
9781982141813 |
| 884 ## - Información sobre la conversión de la descripción |
| Proceso de conversión |
DLC bibframe2marc v2.10-dev |
| Fecha de conversión |
20250513 |
| Agencia que convierte los datos |
DLC |
| Identificador Uniforme de Recursos |
https://github.com/lcnetdev/bibframe2marc/releases/tag/v2.10-dev |
| 906 ## - ELEMENTOS DE DATOS F LOCAL, LDF (RLIN) |
| a |
7 |
| b |
cbc |
| c |
orignew |
| d |
1 |
| e |
ecip |
| f |
20 |
| g |
y-gencatlg |
| 942 ## - ELEMENTOS DE ENTRADA SECUNDARIOS (KOHA) |
| Fuente del sistema de clasificación o colocación |
Clasificación de Library of Congress |
| Tipo de ítem Koha |
Libro |